Statistiken für Players Championship 2022 (Darts)

Klicken Sie hier um das Quiz zu spielen!

Allgemein

  • Dieses Quiz wurde 152 mal gespielt
  • Das Durchschnittsergebnis liegt bei 22 aus 30

Antwortstatistiken

TurnierSiegerNationalität% Korrekt
8Michael van GerwenNiederlande
99%
10Michael van GerwenNiederlande
99%
7Gerwyn PriceWales
95%
29Gerwyn PriceWales
95%
2Peter WrightSchottland
94%
16Michael SmithEngland
92%
14Michael SmithEngland
92%
15Michael SmithEngland
92%
26Damon HetaAustralien
88%
5Damon HetaAustralien
88%
18Dirk van DuijvenbodeNiederlande
88%
12Dirk van DuijvenbodeNiederlande
88%
30James WadeEngland
81%
4Joe CullenEngland
78%
3Joe CullenEngland
78%
19Danny NoppertNiederlande
77%
1Luke HumphriesEngland
76%
21Brendan DolanNordirland
75%
24Rob CrossEngland
75%
27Rob CrossEngland
75%
28Josh RockNordirland
73%
13Nathan AspinallEngland
69%
22Nathan AspinallEngland
69%
25Dave ChisnallEngland
62%
20Adrian LewisEngland
56%
11Ryan SearleEngland
50%
6Jim WilliamsWales
42%
17Scott WilliamsEngland
42%
9Danny JansenNiederlande
38%
23Keegan BrownEngland
20%

Verteilung der Resultate

Perzentil nach korrekt beantworteten Fragen

Anzahl Personen mit jedem Resultat

Ihre Resultats-Entwicklung

Sie haben dieses Quiz noch nicht gespielt